00597 2200217 4500001002100000005001500021035002000036007000300056008004100059020002200100082001100122084001700133100002100150245005600171260004800227300003400275650001300309650002600322650001100348990002000359INLIS00000000000294720260506121516 a0010-0526000038ta260506 g 0 ind  a978-623-8398-88-1 a155.25 a155.25 PUR m0 aPurba, Y. Sanaha1 aMilestone :bFilsafat Praktis Untuk Kemajuan Karier aYogyakarta :bPenerbit Terang Sejati,c2025 axiv + 390 hlm. ;c14 x 20 cm. 4aFilsafat 4aPengembangan Karakter 4aKarier a20260509.06.008